Which country does it border? - Statistics

General Stats
  • This quiz has been taken 30 times
  • The average score is 7 of 10
Answer Stats
Question Answer % Correct
Russia North Korea
92%
Bangladesh Myanmar
88%
Brazil France
83%
Albania Montenegro
79%
El Salvador Guatemala
75%
China Afghanistan
63%
Denmark Canada
63%
Turkey Azerbijan
58%
United Kingdom Cyprus
58%
France Netherlands
46%
No matching quizzes found
Score Distribution
Percent of People with Each Score
Percentile by Number Answered
Your Score History
You have not taken this quiz